| 000 | 00662nam a22002057a 4500 | ||
|---|---|---|---|
| 003 | OSt | ||
| 005 | 20251002022636.0 | ||
| 008 | 251002b |||||||| |||| 00| 0 eng d | ||
| 020 | _a0-13-049484-4. | ||
| 040 |
_aDWCL-Admin lib _cOC |
||
| 082 | _aCirc. 371.4 G618 c 2007 | ||
| 100 |
_aGolden, Larry B. _d |
||
| 245 |
_aCase studies in school counselling _c Larry B. Golden |
||
| 260 |
_aN.J.-- _bPearson Education Inc., _cc2007. |
||
| 300 |
_axvi, 238 p. ; _c23 cm. |
||
| 504 | _aIncludes bibliographical references & index. | ||
| 650 | _a1. Educational counselling-United States-Case studies | ||
| 700 | _aHenderson, Patricia | ||
| 942 |
_2ddc _cBK-CIRC _kCirc. _n0 |
||
| 999 |
_c4620 _d4620 |
||